[Event "DVM U20 2016"]
[Site "Borken-Gemen GER"]
[Date "2016.12.28"]
[Round "4"]
[White "Ignatov, Dmitriy"]
[Black "Mieck, Jale"]
[Result "0-1"]
[Termination "normal"]
[Board "2.6"]
[WhiteElo "1768"]
[BlackElo "1933"]
[WhiteClock "00:27:49"]
[BlackClock "00:55:05"]
[WhiteTeam "Heilbronner SV"]
[BlackTeam "SK Doppelbauer Kiel"]
[PlyCount "114"]
[WhiteFideId "12927872"]
[BlackFideId "12936871"]
[EventCountry "GER"]
[EventRounds "7"]
[EventType "team-swiss"]
[EventDate "2016.12.26"]

1. e4 {[%clk 1:30:56]} c5 {[%clk 1:30:56]} 2. Nf3 {[%clk 1:31:19]} d6 {[%clk
1:31:22]} 3. d4 {[%clk 1:31:43]} cxd4 {[%clk 1:31:48]} 4. Nxd4 {[%clk 1:32:08]}
Nf6 {[%clk 1:32:16]} 5. Nc3 {[%clk 1:32:20]} a6 {[%clk 1:32:42]} 6. h3 {[%clk
1:32:42]} e5 {[%clk 1:33:08]} 7. Nde2 {[%clk 1:33:08]} h5 {[%clk 1:33:34]} 8.
g3 {[%clk 1:33:27]} Be6 {[%clk 1:33:52]} 9. Bg2 {[%clk 1:33:32]} Nbd7 {[%clk
1:33:50]} 10. a4 {[%clk 1:32:27]} Rc8 {[%clk 1:33:06]} 11. Be3 {[%clk 1:26:41]}
Nb6 {[%clk 1:29:21]} 12. Bxb6 {[%clk 1:09:15]} Qxb6 {[%clk 1:29:44]} 13. b3
{[%clk 1:08:55]} h4 {[%clk 1:24:16]} 14. g4 {[%clk 0:52:33]} Be7 {[%clk
1:22:23]} 15. Qd2 {[%clk 0:38:43]} Qc5 {[%clk 1:19:38]} 16. Rc1 {[%clk
0:37:17]} Bd8 {[%clk 1:17:18]} 17. Nd5 {[%clk 0:27:07]} Nxd5 {[%clk 1:07:35]}
18. exd5 {[%clk 0:27:17]} Bd7 {[%clk 1:07:56]} 19. O-O {[%clk 0:26:19]} f5
{[%clk 1:07:02]} 20. gxf5 {[%clk 0:24:55]} Bxf5 {[%clk 1:07:05]} 21. c4 {[%clk
0:23:02]} g5 {[%clk 1:03:10]} 22. b4 {[%clk 0:21:07]} Qc7 {[%clk 1:02:16]} 23.
c5 {[%clk 0:18:09]} Qg7 {[%clk 1:01:29]} 24. f3 {[%clk 0:15:13]} Bd7 {[%clk
0:35:07]} 25. Qc2 {[%clk 0:12:21]} dxc5 {[%clk 0:30:46]} 26. bxc5 {[%clk
0:12:13]} Bb6 {[%clk 0:30:45]} 27. Qe4 {[%clk 0:09:41]} Rxc5 {[%clk 0:29:33]}
28. Rxc5 {[%clk 0:08:18]} Bxc5+ {[%clk 0:29:58]} 29. Kh1 {[%clk 0:08:34]} O-O
{[%clk 0:29:28]} 30. Rc1 {[%clk 0:07:44]} Bf5 {[%clk 0:26:35]} 31. Qc4 {[%clk
0:07:28]} Bd6 {[%clk 0:26:50]} 32. Qb3 {[%clk 0:04:57]} e4 {[%clk 0:26:26]} 33.
fxe4 {[%clk 0:04:31]} Qe5 {[%clk 0:26:50]} 34. Ng3 {[%clk 0:03:30]} Bg6 {[%clk
0:26:50]} 35. Qc3 {[%clk 0:02:44]} Qxg3 {[%clk 0:26:35]} 36. Qxg3 {[%clk
0:03:13]} Bxg3 {[%clk 0:26:59]} 37. Rb1 {[%clk 0:03:03]} Rf7 {[%clk 0:26:54]}
38. Rb6 {[%clk 0:03:14]} Kg7 {[%clk 0:26:34]} 39. Re6 {[%clk 0:03:06]} Bh5
{[%clk 0:24:23]} 40. d6 {[%clk 0:01:54]} Rd7 {[%clk 0:23:44]} 41. e5 {[%clk
0:01:32]} Bf7 {[%clk 0:23:59]} 42. Re7 {[%clk 0:29:44]} Rxe7 {[%clk 0:54:20]}
43. dxe7 {[%clk 0:30:11]} Be8 {[%clk 0:54:07]} 44. Bxb7 {[%clk 0:29:57]} a5
{[%clk 0:54:01]} 45. e6 {[%clk 0:29:46]} Kf6 {[%clk 0:53:23]} 46. Bd5 {[%clk
0:30:00]} Bxa4 {[%clk 0:53:32]} 47. Bb3 {[%clk 0:29:57]} Be8 {[%clk 0:53:56]}
48. Kg2 {[%clk 0:30:15]} Kxe7 {[%clk 0:54:21]} 49. Kf3 {[%clk 0:30:36]} a4
{[%clk 0:54:35]} 50. Ba2 {[%clk 0:30:54]} a3 {[%clk 0:54:56]} 51. Kg4 {[%clk
0:31:14]} Bf4 {[%clk 0:55:20]} 52. Kf5 Bc6 {[%clk 0:55:30]} 53. Bc4 {[%clk
0:30:59]} Bb7 {[%clk 0:54:13]} 54. Ba2 {[%clk 0:31:03]} Bc8 {[%clk 0:54:20]}
55. Bc4 {[%clk 0:31:21]} Bd2 {[%clk 0:54:46]} 56. Ba2 {[%clk 0:31:06]} g4
{[%clk 0:54:44]} 57. hxg4 {[%clk 0:27:49]} h3 {[%clk 0:55:05]} 0-1

[Event "DVM U20 2016"]
[Site "Borken-Gemen GER"]
[Date "2016.12.28"]
[Round "4"]
[White "Dürr, Florian"]
[Black "Xu, Xianliang"]
[Result "0-1"]
[Termination "normal"]
[Board "3.1"]
[BlackTitle "FM"]
[WhiteElo "1887"]
[BlackElo "2295"]
[WhiteClock "00:05:47"]
[BlackClock "01:17:47"]
[WhiteTeam "SC Erlangen"]
[BlackTeam "SG Porz"]
[PlyCount "60"]
[WhiteFideId "24659134"]
[BlackFideId "4603230"]
[EventCountry "GER"]
[EventRounds "7"]
[EventType "team-swiss"]
[EventDate "2016.12.26"]

1. e4 {[%clk 1:30:57]} c5 {[%clk 1:30:55]} 2. Nf3 {[%clk 1:31:24]} g6 {[%clk
1:31:15]} 3. d4 {[%clk 1:31:47]} cxd4 {[%clk 1:31:41]} 4. Nxd4 {[%clk 1:32:15]}
Nc6 {[%clk 1:32:00]} 5. Be3 {[%clk 1:31:54]} Nf6 {[%clk 1:32:11]} 6. Nc3 {[%clk
1:32:15]} Bg7 {[%clk 1:32:32]} 7. Bc4 {[%clk 1:32:19]} O-O {[%clk 1:32:39]} 8.
f3 {[%clk 1:32:32]} Qb6 {[%clk 1:33:03]} 9. Bb3 {[%clk 1:19:27]} Nxe4 {[%clk
1:32:33]} 10. Nd5 {[%clk 1:18:45]} Qa5+ {[%clk 1:32:44]} 11. c3 {[%clk
1:17:02]} Nc5 {[%clk 1:28:22]} 12. Nxc6 {[%clk 1:15:17]} dxc6 {[%clk 1:28:46]}
13. Nxe7+ {[%clk 1:15:15]} Kh8 {[%clk 1:29:13]} 14. Nxc8 {[%clk 1:15:06]} Re8
{[%clk 1:29:38]} 15. Nd6 {[%clk 0:56:35]} Rxe3+ {[%clk 1:28:45]} 16. Kf2 {[%clk
0:55:51]} Re7 {[%clk 1:28:59]} 17. Nxf7+ {[%clk 0:28:03]} Rxf7 {[%clk 1:29:23]}
18. Bxf7 {[%clk 0:28:29]} Rd8 {[%clk 1:29:48]} 19. Qe2 {[%clk 0:28:19]} Nd3+
{[%clk 1:28:34]} 20. Kf1 {[%clk 0:28:22]} Nxb2 {[%clk 1:25:54]} 21. Rb1 {[%clk
0:17:05]} Na4 {[%clk 1:23:07]} 22. Rxb7 {[%clk 0:15:40]} Nxc3 {[%clk 1:20:16]}
23. Qe7 {[%clk 0:15:18]} Rd1+ {[%clk 1:20:30]} 24. Kf2 {[%clk 0:15:46]} Rd2+
{[%clk 1:19:25]} 25. Kg3 {[%clk 0:13:06]} Ne2+ {[%clk 1:19:09]} 26. Kf2 {[%clk
0:11:57]} Nf4+ {[%clk 1:18:59]} 27. Kg3 {[%clk 0:07:15]} Rxg2+ {[%clk 1:19:12]}
28. Kxf4 {[%clk 0:07:29]} g5+ {[%clk 1:19:10]} 29. Ke3 {[%clk 0:05:25]} Qc3+
{[%clk 1:17:27]} 30. Ke4 {[%clk 0:05:47]} Qc2+ {[%clk 1:17:47]} 0-1

[Event "DVM U20 2016"]
[Site "Borken-Gemen GER"]
[Date "2016.12.28"]
[Round "4"]
[White "Sabirov, Ramil"]
[Black "Tong, Kevin"]
[Result "1-0"]
[Termination "normal"]
[Board "3.2"]
[WhiteElo "1996"]
[BlackElo "2149"]
[WhiteClock "00:29:06"]
[BlackClock "00:12:11"]
[WhiteTeam "SG Porz"]
[BlackTeam "SC Erlangen"]
[PlyCount "87"]
[WhiteFideId "12900303"]
[BlackFideId "12913944"]
[EventCountry "GER"]
[EventRounds "7"]
[EventType "team-swiss"]
[EventDate "2016.12.26"]

1. e4 {[%clk 1:30:57]} e5 {[%clk 1:30:43]} 2. Nf3 {[%clk 1:31:23]} Nc6 {[%clk
1:30:48]} 3. Bb5 {[%clk 1:31:38]} a6 {[%clk 1:30:42]} 4. Ba4 {[%clk 1:31:55]}
Nf6 {[%clk 1:30:26]} 5. d3 {[%clk 1:32:13]} b5 {[%clk 1:28:29]} 6. Bb3 {[%clk
1:32:35]} Be7 {[%clk 1:18:14]} 7. O-O {[%clk 1:22:31]} d6 {[%clk 1:16:29]} 8.
c3 {[%clk 1:22:01]} O-O {[%clk 1:15:56]} 9. h3 {[%clk 1:19:52]} Na5 {[%clk
1:12:53]} 10. Bc2 {[%clk 1:20:14]} c5 {[%clk 1:12:56]} 11. Re1 {[%clk 1:19:33]}
Nc6 {[%clk 1:11:24]} 12. Nbd2 {[%clk 1:18:47]} Qc7 {[%clk 1:10:09]} 13. Nf1
{[%clk 1:12:18]} Be6 {[%clk 1:03:26]} 14. Ng3 {[%clk 0:56:55]} Rfd8 {[%clk
0:58:29]} 15. Ng5 {[%clk 0:54:35]} d5 {[%clk 0:50:16]} 16. Nxe6 {[%clk
0:51:37]} fxe6 {[%clk 0:50:35]} 17. exd5 {[%clk 0:47:51]} exd5 {[%clk 0:47:57]}
18. Nf5 {[%clk 0:46:48]} Bf8 {[%clk 0:41:10]} 19. Bg5 {[%clk 0:45:08]} Qf7
{[%clk 0:39:12]} 20. Qf3 {[%clk 0:41:33]} Qg6 {[%clk 0:34:30]} 21. h4 {[%clk
0:39:04]} Kh8 {[%clk 0:31:53]} 22. a4 {[%clk 0:31:16]} Rac8 {[%clk 0:24:30]}
23. axb5 {[%clk 0:29:45]} axb5 {[%clk 0:24:53]} 24. Ra6 {[%clk 0:29:43]} c4
{[%clk 0:20:12]} 25. Ng3 {[%clk 0:15:07]} cxd3 {[%clk 0:10:05]} 26. Qxd3 {[%clk
0:15:02]} e4 {[%clk 0:09:06]} 27. Qxb5 {[%clk 0:12:05]} Nb4 {[%clk 0:07:02]}
28. Bb1 {[%clk 0:11:42]} Nxa6 {[%clk 0:07:21]} 29. Qxa6 {[%clk 0:11:51]} h6
{[%clk 0:06:52]} 30. Bxf6 {[%clk 0:05:51]} gxf6 {[%clk 0:06:58]} 31. Ne2 {[%clk
0:04:32]} Bd6 {[%clk 0:06:03]} 32. Rd1 {[%clk 0:02:57]} Ra8 {[%clk 0:02:00]}
33. Qc6 {[%clk 0:01:35]} Rac8 {[%clk 0:01:18]} 34. Qa6 {[%clk 0:01:50]} f5
{[%clk 0:01:24]} 35. g3 {[%clk 0:01:42]} f4 {[%clk 0:00:53]} 36. Nxf4 {[%clk
0:01:51]} Qg4 {[%clk 0:00:52]} 37. Rxd5 {[%clk 0:01:18]} Ra8 {[%clk 0:00:46]}
38. Qb6 {[%clk 0:01:25]} Rab8 {[%clk 0:00:49]} 39. Qc6 {[%clk 0:00:59]} Rbc8
{[%clk 0:00:41]} 40. Qa6 {[%clk 0:01:14]} Ra8 {[%clk 0:00:37]} 41. Qb6 {[%clk
0:01:22]} Be7 {[%clk 0:11:45]} 42. Qxh6+ {[%clk 0:30:30]} Kg8 {[%clk 0:12:11]}
43. Bxe4 {[%clk 0:30:03]} Ra1+ {[%clk 0:12:11]} 44. Kg2 {[%clk 0:29:06]} 1-0

[Event "DVM U20 2016"]
[Site "Borken-Gemen GER"]
[Date "2016.12.28"]
[Round "4"]
[White "Diller, Daniel"]
[Black "Padva, Leo"]
[Result "0-1"]
[Termination "normal"]
[Board "3.3"]
[WhiteElo "1982"]
[BlackElo "1937"]
[WhiteClock "00:00:38"]
[BlackClock "00:32:42"]
[WhiteTeam "SC Erlangen"]
[BlackTeam "SG Porz"]
[PlyCount "146"]
[WhiteFideId "12908983"]
[BlackFideId "12964379"]
[EventCountry "GER"]
[EventRounds "7"]
[EventType "team-swiss"]
[EventDate "2016.12.26"]

1. c4 {[%clk 1:30:55]} Nf6 {[%clk 1:30:51]} 2. g3 {[%clk 1:31:19]} e6 {[%clk
1:31:13]} 3. Bg2 {[%clk 1:31:41]} d5 {[%clk 1:30:40]} 4. Nf3 {[%clk 1:31:29]}
Be7 {[%clk 1:28:55]} 5. O-O {[%clk 1:31:35]} O-O {[%clk 1:29:15]} 6. b3 {[%clk
1:28:12]} b6 {[%clk 1:24:22]} 7. Bb2 {[%clk 1:27:43]} Bb7 {[%clk 1:24:11]} 8.
e3 {[%clk 1:26:14]} c5 {[%clk 1:22:04]} 9. Qe2 {[%clk 1:22:42]} Nc6 {[%clk
1:21:26]} 10. d3 {[%clk 1:10:46]} Qc7 {[%clk 1:17:02]} 11. Nc3 {[%clk 1:10:03]}
Rad8 {[%clk 1:17:00]} 12. cxd5 {[%clk 0:49:07]} exd5 {[%clk 1:15:57]} 13. d4
{[%clk 0:48:30]} Qc8 {[%clk 1:02:18]} 14. Rfd1 {[%clk 0:39:20]} Rfe8 {[%clk
0:58:31]} 15. Qc2 {[%clk 0:34:33]} Nb4 {[%clk 0:50:12]} 16. Qb1 {[%clk
0:33:41]} Bf8 {[%clk 0:40:16]} 17. a3 {[%clk 0:24:05]} Nc6 {[%clk 0:40:06]} 18.
Qc2 {[%clk 0:21:36]} Na5 {[%clk 0:37:00]} 19. dxc5 {[%clk 0:15:57]} bxc5 {[%clk
0:37:02]} 20. Nb5 {[%clk 0:15:33]} d4 {[%clk 0:35:59]} 21. b4 {[%clk 0:13:13]}
Be4 {[%clk 0:36:17]} 22. Qa4 {[%clk 0:11:46]} Nc4 {[%clk 0:36:36]} 23. Bxd4
{[%clk 0:05:05]} cxd4 {[%clk 0:36:59]} 24. Rxd4 {[%clk 0:05:04]} Rxd4 {[%clk
0:35:33]} 25. Nbxd4 {[%clk 0:05:21]} Qb7 {[%clk 0:35:18]} 26. Rc1 {[%clk
0:04:13]} Nb2 {[%clk 0:31:45]} 27. Qb5 {[%clk 0:03:06]} Qxb5 {[%clk 0:29:58]}
28. Nxb5 {[%clk 0:03:35]} a6 {[%clk 0:29:08]} 29. Nc7 {[%clk 0:03:46]} Rc8
{[%clk 0:28:32]} 30. Bh3 {[%clk 0:04:07]} Rxc7 {[%clk 0:28:19]} 31. Rxc7 {[%clk
0:04:22]} Bxf3 {[%clk 0:28:44]} 32. Bf1 {[%clk 0:04:04]} Nd5 {[%clk 0:28:01]}
33. Rc2 {[%clk 0:03:38]} Na4 {[%clk 0:27:22]} 34. Bxa6 {[%clk 0:04:03]} Ndb6
{[%clk 0:27:17]} 35. Rc7 {[%clk 0:03:05]} g6 {[%clk 0:27:22]} 36. Bd3 {[%clk
0:02:41]} Bd6 {[%clk 0:25:28]} 37. Ra7 {[%clk 0:02:28]} Bc6 {[%clk 0:21:57]}
38. Kf1 {[%clk 0:01:34]} Kf8 {[%clk 0:21:46]} 39. Ra6 {[%clk 0:00:41]} Ke7
{[%clk 0:20:44]} 40. Ra7+ {[%clk 0:01:02]} Ke6 {[%clk 0:20:30]} 41. f4 {[%clk
0:24:27]} Nb2 {[%clk 0:47:28]} 42. Bc2 {[%clk 0:20:20]} N6c4 {[%clk 0:41:33]}
43. Kf2 {[%clk 0:19:12]} Bb8 {[%clk 0:33:15]} 44. Ra6 {[%clk 0:18:31]} Kd7
{[%clk 0:31:30]} 45. e4 {[%clk 0:09:55]} Bb5 {[%clk 0:30:19]} 46. Ra8 {[%clk
0:05:33]} Kc7 {[%clk 0:29:13]} 47. a4 {[%clk 0:05:54]} Bc6 {[%clk 0:29:30]} 48.
Ra6 {[%clk 0:06:20]} Kb7 {[%clk 0:29:16]} 49. b5 {[%clk 0:06:41]} Bd7 {[%clk
0:29:06]} 50. Rf6 {[%clk 0:05:51]} Ba7+ {[%clk 0:29:32]} 51. Ke1 {[%clk
0:05:27]} Be6 {[%clk 0:29:14]} 52. f5 {[%clk 0:04:37]} Bd4 {[%clk 0:28:30]} 53.
fxe6 {[%clk 0:05:01]} Bxf6 {[%clk 0:28:43]} 54. exf7 {[%clk 0:05:24]} Be7
{[%clk 0:28:57]} 55. Ke2 {[%clk 0:04:11]} Nd6 {[%clk 0:29:10]} 56. Kf3 {[%clk
0:03:25]} Nxf7 {[%clk 0:29:23]} 57. Bb3 {[%clk 0:02:17]} Ne5+ {[%clk 0:29:34]}
58. Kf4 {[%clk 0:01:51]} Nbd3+ {[%clk 0:29:55]} 59. Ke3 {[%clk 0:02:12]} Bc5+
{[%clk 0:30:07]} 60. Kd2 {[%clk 0:02:24]} Kb6 {[%clk 0:30:23]} 61. g4 {[%clk
0:01:42]} Nf2 {[%clk 0:30:37]} 62. Bg8 {[%clk 0:01:21]} Nxe4+ {[%clk 0:30:49]}
63. Ke2 {[%clk 0:01:37]} h6 {[%clk 0:31:04]} 64. h3 {[%clk 0:01:26]} Nc3+
{[%clk 0:31:16]} 65. Kf1 {[%clk 0:01:40]} Nxa4 {[%clk 0:31:39]} 66. Kg2 {[%clk
0:01:14]} Kxb5 {[%clk 0:31:49]} 67. Kg3 {[%clk 0:01:38]} Kc6 {[%clk 0:31:45]}
68. Bh7 {[%clk 0:01:35]} Kd7 {[%clk 0:31:46]} 69. h4 {[%clk 0:01:10]} Ke7
{[%clk 0:32:03]} 70. Kf4 {[%clk 0:01:12]} Bd6 {[%clk 0:32:18]} 71. h5 {[%clk
0:00:41]} g5+ {[%clk 0:32:16]} 72. Kf5 {[%clk 0:00:58]} Nc3 {[%clk 0:32:18]}
73. Bg8 {[%clk 0:00:38]} Ne2 {[%clk 0:32:42]} 0-1

[Event "DVM U20 2016"]
[Site "Borken-Gemen GER"]
[Date "2016.12.28"]
[Round "4"]
[White "Spindler, Florian"]
[Black "Haas, Maximilian"]
[Result "1-0"]
[Termination "normal"]
[Board "3.4"]
[WhiteElo "1893"]
[BlackElo "1752"]
[WhiteClock "00:02:30"]
[BlackClock "00:11:29"]
[WhiteTeam "SG Porz"]
[BlackTeam "SC Erlangen"]
[PlyCount "81"]
[WhiteFideId "12964387"]
[BlackFideId "12959219"]
[EventCountry "GER"]
[EventRounds "7"]
[EventType "team-swiss"]
[EventDate "2016.12.26"]

1. e4 {[%clk 1:30:58]} g6 {[%clk 1:28:12]} 2. d4 {[%clk 1:31:19]} Bg7 {[%clk
1:28:26]} 3. Nf3 {[%clk 1:31:40]} d6 {[%clk 1:28:11]} 4. Be2 {[%clk 1:28:11]}
Nf6 {[%clk 1:28:04]} 5. Nc3 {[%clk 1:28:25]} Nbd7 {[%clk 1:26:46]} 6. e5 {[%clk
1:25:09]} Ng8 {[%clk 1:25:32]} 7. Bf4 {[%clk 1:21:15]} Nb6 {[%clk 1:23:21]} 8.
h3 {[%clk 1:12:32]} a6 {[%clk 1:22:43]} 9. a4 {[%clk 1:08:33]} dxe5 {[%clk
1:19:13]} 10. dxe5 {[%clk 1:08:08]} Qxd1+ {[%clk 1:19:17]} 11. Rxd1 {[%clk
1:08:30]} e6 {[%clk 1:19:04]} 12. O-O {[%clk 1:02:31]} Ne7 {[%clk 1:17:25]} 13.
Rd2 {[%clk 0:51:59]} Nc6 {[%clk 1:10:55]} 14. Re1 {[%clk 0:44:13]} O-O {[%clk
1:06:32]} 15. b3 {[%clk 0:42:47]} Nd7 {[%clk 1:01:50]} 16. Nd1 {[%clk 0:37:15]}
Ndxe5 {[%clk 0:55:36]} 17. Nxe5 {[%clk 0:36:06]} Nxe5 {[%clk 0:55:54]} 18. Bxa6
{[%clk 0:32:09]} Rxa6 {[%clk 0:54:55]} 19. Bxe5 {[%clk 0:32:19]} Bxe5 {[%clk
0:54:17]} 20. Rxe5 {[%clk 0:32:47]} Rd6 {[%clk 0:53:57]} 21. Rxd6 {[%clk
0:32:36]} cxd6 {[%clk 0:54:15]} 22. Rb5 {[%clk 0:32:17]} Rd8 {[%clk 0:53:01]}
23. Nb2 {[%clk 0:29:31]} d5 {[%clk 0:50:16]} 24. Nd3 {[%clk 0:29:31]} Rd6
{[%clk 0:46:05]} 25. a5 {[%clk 0:19:33]} Rc6 {[%clk 0:41:50]} 26. Nc5 {[%clk
0:18:45]} Kf8 {[%clk 0:37:22]} 27. Kf1 {[%clk 0:15:28]} Rc7 {[%clk 0:36:49]}
28. Ke1 {[%clk 0:13:05]} Ke7 {[%clk 0:36:23]} 29. b4 {[%clk 0:12:38]} Kd8
{[%clk 0:34:30]} 30. Rb6 {[%clk 0:12:00]} Re7 {[%clk 0:31:58]} 31. Kd2 {[%clk
0:11:04]} Kc7 {[%clk 0:29:35]} 32. f4 {[%clk 0:09:07]} f6 {[%clk 0:28:26]} 33.
Kd3 {[%clk 0:07:24]} e5 {[%clk 0:23:07]} 34. Rxf6 {[%clk 0:06:22]} Bf5+ {[%clk
0:23:02]} 35. Kd2 {[%clk 0:06:01]} e4 {[%clk 0:18:07]} 36. c3 {[%clk 0:06:04]}
h5 {[%clk 0:17:53]} 37. Rb6 {[%clk 0:05:06]} e3+ {[%clk 0:15:01]} 38. Ke2
{[%clk 0:05:03]} Kc8 {[%clk 0:12:44]} 39. Rd6 {[%clk 0:04:50]} Bb1 {[%clk
0:11:36]} 40. Rxd5 {[%clk 0:04:18]} Ba2 {[%clk 0:11:29]} 41. Re5 {[%clk
0:02:30]} 1-0

[Event "DVM U20 2016"]
[Site "Borken-Gemen GER"]
[Date "2016.12.28"]
[Round "4"]
[White "Buzatu, Alexander"]
[Black "Niesel, Tobias"]
[Result "0-1"]
[Termination "normal"]
[Board "3.5"]
[WhiteElo "1574"]
[BlackElo "1887"]
[WhiteClock "01:02:22"]
[BlackClock "01:24:35"]
[WhiteTeam "SC Erlangen"]
[BlackTeam "SG Porz"]
[PlyCount "40"]
[WhiteFideId "12983560"]
[BlackFideId "12962155"]
[EventCountry "GER"]
[EventRounds "7"]
[EventType "team-swiss"]
[EventDate "2016.12.26"]

1. e4 {[%clk 1:30:58]} Nf6 {[%clk 1:30:53]} 2. e5 {[%clk 1:31:00]} Nd5 {[%clk
1:31:17]} 3. d4 {[%clk 1:31:08]} d6 {[%clk 1:31:38]} 4. Nf3 {[%clk 1:28:44]}
Bg4 {[%clk 1:31:15]} 5. Be2 {[%clk 1:26:20]} e6 {[%clk 1:30:53]} 6. Bg5 {[%clk
1:24:53]} Be7 {[%clk 1:30:12]} 7. exd6 {[%clk 1:24:45]} Bxg5 {[%clk 1:28:19]}
8. dxc7 {[%clk 1:25:03]} Nxc7 {[%clk 1:28:41]} 9. Nxg5 {[%clk 1:19:54]} Bxe2
{[%clk 1:28:56]} 10. Qd2 {[%clk 1:19:37]} Bh5 {[%clk 1:28:47]} 11. h4 {[%clk
1:18:15]} Nc6 {[%clk 1:28:23]} 12. c3 {[%clk 1:15:36]} Qd5 {[%clk 1:28:32]} 13.
Rg1 {[%clk 1:11:56]} O-O-O {[%clk 1:27:03]} 14. Qe3 {[%clk 1:08:09]} e5 {[%clk
1:25:55]} 15. Qh3+ {[%clk 1:04:23]} Kb8 {[%clk 1:26:13]} 16. g4 {[%clk
1:03:47]} Bg6 {[%clk 1:26:22]} 17. Nd2 {[%clk 1:03:33]} exd4 {[%clk 1:26:15]}
18. cxd4 {[%clk 1:03:16]} Nxd4 {[%clk 1:25:02]} 19. Rc1 {[%clk 1:02:15]} Nc2+
{[%clk 1:24:16]} 20. Kd1 {[%clk 1:02:22]} Qxd2# {[%clk 1:24:35]} 0-1

[Event "DVM U20 2016"]
[Site "Borken-Gemen GER"]
[Date "2016.12.28"]
[Round "4"]
[White "Sewald, Kathrin"]
[Black "Grüninger, Maxim"]
[Result "1-0"]
[Termination "normal"]
[Board "3.6"]
[WhiteElo "1858"]
[BlackElo "1556"]
[WhiteClock "00:11:56"]
[BlackClock "00:00:57"]
[WhiteTeam "SG Porz"]
[BlackTeam "SC Erlangen"]
[PlyCount "99"]
[WhiteFideId "12964557"]
[BlackFideId "12942960"]
[EventCountry "GER"]
[EventRounds "7"]
[EventType "team-swiss"]
[EventDate "2016.12.26"]

1. e4 {[%clk 1:30:49]} c5 {[%clk 1:30:54]} 2. d3 {[%clk 1:31:15]} Nc6 {[%clk
1:30:28]} 3. g3 {[%clk 1:31:36]} g6 {[%clk 1:30:12]} 4. Bg2 {[%clk 1:31:58]}
Bg7 {[%clk 1:30:08]} 5. f4 {[%clk 1:31:46]} d6 {[%clk 1:26:43]} 6. Nf3 {[%clk
1:31:05]} Nf6 {[%clk 1:19:15]} 7. c3 {[%clk 1:26:36]} Bd7 {[%clk 1:11:20]} 8.
O-O {[%clk 1:25:55]} O-O {[%clk 1:10:47]} 9. h3 {[%clk 1:23:48]} h6 {[%clk
1:07:56]} 10. g4 {[%clk 1:23:12]} Nh7 {[%clk 1:03:43]} 11. Nh2 {[%clk 1:16:19]}
Qc7 {[%clk 1:00:44]} 12. h4 {[%clk 1:11:43]} e6 {[%clk 0:57:46]} 13. h5 {[%clk
1:10:58]} Rad8 {[%clk 0:49:14]} 14. g5 {[%clk 1:09:29]} Ne7 {[%clk 0:43:03]}
15. Bh3 {[%clk 0:59:19]} d5 {[%clk 0:41:07]} 16. Qe2 {[%clk 0:50:15]} dxe4
{[%clk 0:37:56]} 17. dxe4 {[%clk 0:49:50]} e5 {[%clk 0:35:22]} 18. Ng4 {[%clk
0:36:29]} Kh8 {[%clk 0:29:04]} 19. Qh2 {[%clk 0:30:33]} Qc8 {[%clk 0:27:05]}
20. f5 {[%clk 0:24:00]} gxf5 {[%clk 0:25:18]} 21. gxh6 {[%clk 0:21:33]} fxg4
{[%clk 0:18:56]} 22. hxg7+ {[%clk 0:21:40]} Kxg7 {[%clk 0:19:14]} 23. Qxe5+
{[%clk 0:19:35]} f6 {[%clk 0:16:18]} 24. Qxe7+ {[%clk 0:17:52]} Rf7 {[%clk
0:16:34]} 25. Bh6+ {[%clk 0:15:19]} Kg8 {[%clk 0:14:31]} 26. Qd6 {[%clk
0:14:26]} gxh3 {[%clk 0:14:31]} 27. Qf4 {[%clk 0:10:34]} Kh8 {[%clk 0:13:33]}
28. Kh2 {[%clk 0:10:16]} Rg8 {[%clk 0:11:44]} 29. Rf2 {[%clk 0:08:50]} Rg4
{[%clk 0:09:49]} 30. Qf3 {[%clk 0:04:59]} Qc7+ {[%clk 0:07:41]} 31. Bf4 {[%clk
0:04:53]} Qc8 {[%clk 0:07:16]} 32. Nd2 {[%clk 0:04:09]} Rfg7 {[%clk 0:07:04]}
33. Kh1 {[%clk 0:03:56]} Ng5 {[%clk 0:04:20]} 34. Bxg5 {[%clk 0:04:16]} R4xg5
{[%clk 0:04:36]} 35. Qxf6 {[%clk 0:04:04]} Qc7 {[%clk 0:03:45]} 36. Raf1 {[%clk
0:02:00]} Kh7 {[%clk 0:03:00]} 37. h6 {[%clk 0:01:17]} Rg8 {[%clk 0:01:09]} 38.
Qf7+ {[%clk 0:01:03]} Kxh6 {[%clk 0:00:58]} 39. Rf6+ {[%clk 0:01:19]} R8g6
{[%clk 0:01:10]} 40. Qf8+ {[%clk 0:01:28]} Kh7 {[%clk 0:01:05]} 41. Qf7+ {[%clk
0:00:33]} Rg7 {[%clk 0:28:19]} 42. Qf8 {[%clk 0:25:41]} h2 {[%clk 0:13:44]} 43.
Nf3 {[%clk 0:22:55]} Rg4 {[%clk 0:11:23]} 44. e5 {[%clk 0:16:08]} Bc6 {[%clk
0:07:16]} 45. Rd6 {[%clk 0:14:42]} Rg1+ {[%clk 0:04:44]} 46. Kxh2 {[%clk
0:14:55]} Bxf3 {[%clk 0:03:34]} 47. Qf5+ {[%clk 0:13:25]} Kg8 {[%clk 0:03:06]}
48. Rxg1 {[%clk 0:11:36]} Rxg1 {[%clk 0:01:27]} 49. Kxg1 {[%clk 0:12:02]} Be2
{[%clk 0:00:57]} 50. Rg6+ {[%clk 0:11:56]} 1-0

[Event "DVM U20 2016"]
[Site "Borken-Gemen GER"]
[Date "2016.12.28"]
[Round "4"]
[White "Noe, Christopher"]
[Black "Altstadt, Karl-Simon"]
[Result "1-0"]
[Termination "normal"]
[Board "4.1"]
[WhiteTitle "IM"]
[WhiteElo "2434"]
[BlackElo "1995"]
[WhiteTeam "SC Eppingen"]
[BlackTeam "USV Halle"]
[PlyCount "119"]
[WhiteFideId "24692018"]
[BlackFideId "24696676"]
[EventCountry "GER"]
[EventRounds "7"]
[EventType "team-swiss"]
[EventDate "2016.12.26"]

1.d4 Nf6 2.c4 c5 3.Nf3 cxd4 4.Nxd4 e6 5.Nc3 d5 6.e3 Be7 7.cxd5 Nxd5 8.Bb5+ Bd7
9.Nxd5 exd5 10.O-O O-O 11.Bd3 Nc6 12.Qh5 g6 13.Qxd5 Nb4 14.Qb3 Nxd3 15.Qxd3 Bf6
16.Rd1 Qe7 17.Bd2 Rfd8 18.Bc3 Rac8 19.Rac1 Be6 20.a3 Bc4 21. Qd2 Bb3 22.Re1 Bc4
23.Qd1 Qe4 24.Qf3 Qxf3 25.Nxf3 Bxc3 26.Rxc3 Bd5 27.Rxc8 Rxc8 28.Nd4 b6 29.f3
Kf8 30.Rd1 Bb7 31.Kf2 Ke7 32.e4 h5 33.h4 Rc5 34.Ke3 Rc8 35.Nb5 Rc2 36.Rd2 Rc1
37.Nxa7 Ba6 38.Rd5 Rc2 39.b4 Rc3+ 40.Kf4 Rxa3 41.Nc6+ Ke6 42.b5 Bc8 43.Rd8 Bd7
44.Rb8 Bxc6 45.Rxb6 Kd7 46.Rxc6 Rb3 47. Rb6 Rb2 48.g3 Rb3 49.Rb7+ Ke6 50.Rb6+
Kd7 51.Rb8 Ke6 52.Re8+ Kd7 53.Re5 Kd6 54.Rd5+ Ke6 55.g4 hxg4 56.fxg4 Ke7 57.h5
gxh5 58.gxh5 Rb4 59.h6 Rb1 60.Rh5 1-0